Rask desimal til binær konvertering - Statistics

General Stats
  • This quiz has been taken 19 times
  • The average score is 12 of 20
Answer Stats
desimal binær % Correct
9 1001
100%
19 10011
100%
11 1011
100%
22 10110
100%
44 101100
100%
23 10111
100%
3 11
100%
24 11000
100%
49 110001
100%
28 11100
100%
56 111000
100%
58 111010
100%
15 1111
100%
60 111100
100%
61 111101
100%
8 1000
50%
5 101
50%
20 10100
50%
1 1
0%
2 10
0%
4 100
0%
16 10000
0%
32 100000
0%
33 100001
0%
17 10001
0%
34 100010
0%
35 100011
0%
18 10010
0%
36 100100
0%
37 100101
0%
38 100110
0%
39 100111
0%
10 1010
0%
40 101000
0%
41 101001
0%
21 10101
0%
42 101010
0%
43 101011
0%
45 101101
0%
46 101110
0%
47 101111
0%
6 110
0%
12 1100
0%
48 110000
0%
25 11001
0%
50 110010
0%
51 110011
0%
13 1101
0%
26 11010
0%
52 110100
0%
53 110101
0%
27 11011
0%
54 110110
0%
55 110111
0%
7 111
0%
14 1110
0%
57 111001
0%
29 11101
0%
59 111011
0%
30 11110
0%
31 11111
0%
62 111110
0%
63 111111
0%
No matching quizzes found
Score Distribution
Percent of People with Each Score
Percentile by Number Answered
Your Score History
You have not taken this quiz